000 00425nam a2200157Ia 4500
003 GCL
008 140319s9999 xx 000 0 ara d
040 _aGCL /
_cGCL
082 0 4 _aط
_b813.01
_bه ر
100 1 _aهند خليفة
245 1 0 _aالريشة الذهبية /
_cهند خليفة
490 _aاجمل القصص
_v0
650 0 4 _aقصص الاطفال
650 0 4 _aادب الاطفال
942 _2ddc
_cBK
999 _c51019
_d51019